The formation of Q : trajectories in ancient wisdom collections /

Bibliographic Details
Main Author: Kloppenborg, John S., 1951-
Format: Book
Language:English
Published: Philadelphia : Fortress Press, [1987]
Series:Studies in antiquity and Christianity.
Subjects:

MARC

Tag First Indicator Second Indicator Subfields
LEADER 00000cam a2200000 a 4500
001 in00000010097
005 20151006070017.0
008 860626s1987 pau b 00110 eng
010 |a  86045225  
020 |a 0800631013 
035 |a (OCoLC)13861210 
035 |9 AAA2294AM 
040 |a DLC  |c DLC  |d TXA  |d UtOrBLW 
049 |a TXAM  |c [A12570296] 
050 0 0 |a BS2555.2  |b .K568 1987 
082 0 |a 226/.066  |2 19 
100 1 |a Kloppenborg, John S.,  |d 1951- 
245 1 4 |a The formation of Q :  |b trajectories in ancient wisdom collections /  |c John S. Kloppenborg. 
264 1 |a Philadelphia :  |b Fortress Press,  |c [1987] 
264 4 |c ©1987 
300 |a xviii, 377 pages ;  |c 24 cm. 
336 |a text  |b txt  |2 rdacontent 
337 |a unmediated  |b n  |2 rdamedia 
338 |a volume  |b nc  |2 rdacarrier 
490 1 |a Studies in antiquity and Christianity 
504 |a Bibliography: pages 347-364. 
500 |a Includes index. 
650 0 |a Q hypothesis (Synoptics criticism) 
650 0 |a Wisdom literature. 
830 0 |a Studies in antiquity and Christianity. 
999 |a MARS 
999 f f |s a2d5c900-3d33-302f-8320-c3528f71b5f9  |i 228514b9-2b07-3f4e-88ce-efc673bd4550  |t 0 
952 f f |p ric  |a Texas A&M University  |b Rellis Campus  |c Joint Library Facility  |d Remote Storage  |t 0  |e BS2555.2 .K568 1987  |h Library of Congress classification  |i unmediated -- volume  |m A14812570296 
998 f f |a BS2555.2 .K568 1987  |t 0  |l Remote Storage